[Event "19th Kolkata GM Open 2014"]
[Site "Kolkata IND"]
[Date "2014.03.21"]
[Round "4.1"]
[White "Vidit, Santosh Gujrathi"]
[Black "Deepan, Chakkravarthy J."]
[Result "1/2-1/2"]
[WhiteTitle "GM"]
[BlackTitle "GM"]
[WhiteElo "2602"]
[BlackElo "2496"]
[WhiteFideId "5029465"]
[BlackFideId "5011132"]
[EventDate "2014.03.18"]

1. d4 d5 2. c4 c6 3. Nf3 Nf6 4. Nc3 dxc4 5. a4 Bf5 6. Ne5 Nbd7 7. Nxc4 Nb6 8.
Ne5 a5 9. e3 h6 10. Bd3 Bxd3 11. Nxd3 e6 12. O-O Nbd5 13. f4 Be7 14. Qf3 O-O 15.
Ne5 c5 16. Nb5 Rc8 17. Bd2 cxd4 18. exd4 Bb4 19. Bxb4 axb4 20. Rac1 Qe7 21. g3
g6 22. b3 Kg7 23. Kg2 h5 24. h3 Rfd8 25. g4 hxg4 26. hxg4 Rxc1 27. Rxc1 Rh8 28.
Rh1 Rxh1 29. Kxh1 Nd7 30. Kg1 Kg8 31. Kg2 1/2-1/2

[Event "19th Kolkata GM Open 2014"]
[Site "Kolkata IND"]
[Date "2014.03.21"]
[Round "4.2"]
[White "Kunte, Abhijit"]
[Black "Abdulla, Al-Rakib"]
[Result "1-0"]
[WhiteTitle "GM"]
[BlackTitle "GM"]
[WhiteElo "2439"]
[BlackElo "2518"]
[WhiteFideId "5002265"]
[BlackFideId "10200444"]
[EventDate "2014.03.18"]

1. d4 Nf6 2. c4 d6 3. Nf3 Bf5 4. Nc3 c6 5. g3 Nbd7 6. Bg2 e5 7. O-O Be7 8. Nh4
Bg6 9. Nxg6 hxg6 10. Rb1 a5 11. d5 Rc8 12. b3 Nb6 13. dxc6 bxc6 14. c5 Nbd5 15.
Bb2 Nxc3 16. Bxc3 d5 17. Bxe5 Bxc5 18. e3 Qe7 19. Bd4 O-O 20. Ba1 Rfd8 21. Qd3
Ne4 22. Rfd1 f5 23. Rbc1 Bb6 24. Qa6 Qc7 25. Rc2 Kh7 26. Be5 Qxe5 27. Qxb6 a4
28. Bxe4 axb3 29. axb3 fxe4 30. Rxc6 Rb8 31. Qd4 Qh5 32. Rc7 Qh6 33. b4 Rd6 34.
Ra1 1-0

[Event "19th Kolkata GM Open 2014"]
[Site "Kolkata IND"]
[Date "2014.03.21"]
[Round "4.3"]
[White "Haznedaroglu, Kivanc"]
[Black "Barbosa, Oliver"]
[Result "1/2-1/2"]
[WhiteTitle "GM"]
[BlackTitle "GM"]
[WhiteElo "2462"]
[BlackElo "2564"]
[WhiteFideId "6300634"]
[BlackFideId "5201640"]
[EventDate "2014.03.18"]

1. d4 d5 2. c4 c6 3. cxd5 cxd5 4. Nf3 Nc6 5. Nc3 Nf6 6. Bf4 Bf5 7. e3 e6 8. Bd3
Bxd3 9. Qxd3 Bd6 10. Bxd6 Qxd6 11. O-O O-O 12. Rfc1 Rfc8 13. Ne2 Ne7 14. h3 h6
15. Rxc8+ Rxc8 16. Rc1 Rxc1+ 17. Nxc1 Nd7 18. Qc3 Qc6 19. Ne2 Qxc3 20. Nxc3 Nc6
21. Kf1 Kf8 22. Ke2 Ke7 23. Ne1 Kd6 24. Nb5+ Ke7 25. Nc3 1/2-1/2

[Event "19th Kolkata GM Open 2014"]
[Site "Kolkata IND"]
[Date "2014.03.21"]
[Round "4.5"]
[White "Swapnil, S. Dhopade"]
[Black "Landa, Konstantin"]
[Result "1/2-1/2"]
[WhiteTitle "IM"]
[BlackTitle "GM"]
[WhiteElo "2424"]
[BlackElo "2645"]
[WhiteFideId "5019184"]
[BlackFideId "4101685"]
[EventDate "2014.03.18"]

1. d4 d5 2. c4 dxc4 3. Nf3 Nf6 4. e3 b5 5. a4 b4 6. Bxc4 e6 7. O-O Bb7 8. Nbd2
Be7 9. Qe2 Nbd7 10. e4 c5 11. e5 Nd5 12. Ne4 cxd4 13. Bg5 O-O 14. Nd6 Bxg5 15.
Nxb7 Qe7 16. Bxd5 exd5 17. Nxg5 Qxg5 18. f4 Qe7 19. Nd6 Qe6 20. Nb5 Qb6 21. Qd3
Nc5 22. Qxd4 Nb3 23. Qxb6 axb6 24. Rad1 Rxa4 25. Rxd5 Ra2 26. Rb1 g6 27. g4 Ra5
28. f5 Nd4 1/2-1/2

[Event "19th Kolkata GM Open 2014"]
[Site "Kolkata IND"]
[Date "2014.03.21"]
[Round "4.6"]
[White "Ly, Moulthun"]
[Black "Adhiban, Baskaran"]
[Result "0-1"]
[WhiteTitle "IM"]
[BlackTitle "GM"]
[WhiteElo "2429"]
[BlackElo "2608"]
[WhiteFideId "3204405"]
[BlackFideId "5018471"]
[EventDate "2014.03.18"]

1. e4 c5 2. Nf3 d6 3. d4 cxd4 4. Nxd4 Nf6 5. Nc3 a6 6. Be2 e5 7. Nb3 Be7 8. O-O
O-O 9. Be3 Be6 10. Bf3 Nbd7 11. Qe2 b5 12. Rfd1 b4 13. Nd5 Nxd5 14. exd5 Bf5 15.
a3 Rc8 16. Rdc1 e4 17. Bg4 Bxg4 18. Qxg4 f5 19. Qh3 Nc5 20. Nd4 f4 21. axb4 fxe3
22. fxe3 Nd7 23. Ne6 Qe8 24. Nxf8 Nxf8 25. Rxa6 Rb8 26. Rc6 Bg5 27. Rf1 Qe5 28.
Rc8 Bxe3+ 29. Kh1 Rxc8 30. Qxc8 Qe7 31. b5 h6 32. Qa6 Nd7 33. b4 Bd2 34. Qc8+
Kh7 35. Qc4 e3 36. Rb1 Kg8 37. Qd4 Qf7 38. Rg1 Qf6 39. Qa7 Qd8 40. Qd4 Qf6 41.
Qg4 Qe7 42. Qd4 Qe5 43. Qd3 Nf6 44. Qe2 Ne4 45. g4 Qxd5 46. Kg2 Nc3+ 47. Qf3
Qxb5 48. Ra1 e2 49. Ra7 e1=N+ 0-1

[Event "19th Kolkata GM Open 2014"]
[Site "Kolkata IND"]
[Date "2014.03.21"]
[Round "4.7"]
[White "Pantsulaia, Levan"]
[Black "Shyam, Nikil P."]
[Result "1-0"]
[WhiteTitle "GM"]
[BlackTitle "IM"]
[WhiteElo "2606"]
[BlackElo "2431"]
[WhiteFideId "13602071"]
[BlackFideId "5024218"]
[EventDate "2014.03.18"]

1. Nf3 Nf6 2. c4 g6 3. b3 Bg7 4. Bb2 O-O 5. g3 d6 6. Bg2 e5 7. Nc3 Re8 8. O-O c6
9. Rc1 a6 10. d3 b5 11. a4 b4 12. Ne4 Nxe4 13. dxe4 Qe7 14. c5 dxc5 15. Qc2 c4
16. Qxc4 Be6 17. Qc2 Nd7 18. h4 c5 19. Ng5 Bh6 20. f4 Bxg5 21. hxg5 c4 22. f5 c3
23. fxe6 Qxe6 24. Bxc3 Rac8 25. Qd2 bxc3 26. Rxc3 Rxc3 27. Qxc3 Rb8 28. Rf3 Qd6
29. Rd3 Qb6+ 30. Kh2 Nc5 31. a5 Qa7 32. Rd5 Ne6 33. b4 Qe7 34. Qxe5 Qxb4 35. Qf6
Qb2 36. Rd7 Qxf6 37. gxf6 Rb5 38. Rd5 Rc5 39. Kg1 Rc1+ 40. Kf2 h5 41. Rd6 Nc5
42. e5 Ra1 43. Rd8+ Kh7 44. Rf8 Rxa5 45. Rxf7+ Kh6 46. Re7 Rb5 47. Re8 1-0

[Event "19th Kolkata GM Open 2014"]
[Site "Kolkata IND"]
[Date "2014.03.21"]
[Round "4.8"]
[White "Prasanna Raghuram Rao"]
[Black "Lalith, Babu M.R."]
[Result "1/2-1/2"]
[WhiteTitle "IM"]
[BlackTitle "GM"]
[WhiteElo "2410"]
[BlackElo "2585"]
[WhiteFideId "5022401"]
[BlackFideId "5024595"]
[EventDate "2014.03.18"]

1. d4 Nf6 2. c4 e6 3. g3 d5 4. Nf3 Nc6 5. Bg2 Bb4+ 6. Bd2 Bd6 7. O-O O-O 8. cxd5
exd5 9. Nc3 Re8 10. Bg5 Be6 11. Bxf6 Qxf6 12. e4 dxe4 13. Nxe4 Qe7 14. d5 Bxd5
15. Qxd5 Qxe4 16. Qxf7+ Kxf7 17. Ng5+ Kg6 18. Nxe4 Be5 19. Nc5 Bxb2 20. Rab1 Bd4
21. Rxb7 Bxc5 22. Bxc6 Re5 23. Rxc7 Rf8 24. Be4+ Kh6 25. Bd3 Rd8 26. Bc4 Rd2 27.
Rf7 g6 28. Kg2 Rf5 29. Rxf5 gxf5 30. h3 Kg5 31. Kf3 1/2-1/2

[Event "19th Kolkata GM Open 2014"]
[Site "Kolkata IND"]
[Date "2014.03.21"]
[Round "4.9"]
[White "Grigoryan, Avetik"]
[Black "Neelotpal, Das"]
[Result "1/2-1/2"]
[WhiteTitle "GM"]
[BlackTitle "GM"]
[WhiteElo "2583"]
[BlackElo "2427"]
[WhiteFideId "13302191"]
[BlackFideId "5003512"]
[EventDate "2014.03.18"]

1. d4 Nf6 2. c4 e6 3. g3 d5 4. Bg2 Bb4+ 5. Nd2 O-O 6. Nf3 dxc4 7. Qc2 c5 8. dxc5
c3 9. bxc3 Bxc5 10. O-O Nc6 11. Nb3 Be7 12. Nfd4 Bd7 13. Nxc6 Bxc6 14. Bxc6 bxc6
15. c4 Qb6 16. Bd2 Qa6 17. Rfd1 Rab8 18. Bf4 Rb4 19. c5 h6 20. Bd6 Re8 21. Bxe7
Rxe7 22. Rd8+ Re8 23. Rad1 Rb8 24. Rxe8+ Nxe8 25. e4 e5 26. Rd2 Nf6 27. f3 Nh7
28. Qc3 f6 29. Qd3 Qxd3 30. Rxd3 Ng5 31. h4 Ne6 32. Rd6 Nd4 33. Nxd4 exd4 34.
Rxd4 Rb5 35. Rd7 a5 36. a4 Rxc5 37. Ra7 f5 38. exf5 Rxf5 39. Kf2 h5 40. Ke3 g5
41. Ke4 Rc5 42. f4 gxh4 43. gxh4 Rc4+ 44. Kf5 Rxa4 1/2-1/2

[Event "19th Kolkata GM Open 2014"]
[Site "Kolkata IND"]
[Date "2014.03.21"]
[Round "4.10"]
[White "Gopal, G.N."]
[Black "Sundararajan, Kidambi"]
[Result "1/2-1/2"]
[WhiteTitle "GM"]
[BlackTitle "GM"]
[WhiteElo "2558"]
[BlackElo "2400"]
[WhiteFideId "5015693"]
[BlackFideId "5005370"]
[EventDate "2014.03.18"]

1. e4 c6 2. d4 d5 3. e5 Bf5 4. Nf3 e6 5. Be2 Bg6 6. O-O Nh6 7. Nbd2 Be7 8. Nb3
O-O 9. a4 Nd7 10. a5 Rc8 11. c4 dxc4 12. Bxc4 b5 13. axb6 axb6 14. h3 Ra8 15.
Bd2 Rxa1 16. Qxa1 Qa8 17. Rc1 Nf5 18. Bf1 c5 19. Qxa8 Rxa8 20. Bb5 Nf8 21. g4
Nxd4 22. Nbxd4 cxd4 23. Nxd4 Be4 24. Bc6 Bxc6 25. Nxc6 Ng6 26. Be3 b5 27. f4 1/2-1/2

[Event "19th Kolkata GM Open 2014"]
[Site "Kolkata IND"]
[Date "2014.03.21"]
[Round "4.11"]
[White "Rathnakaran, K."]
[Black "Sengupta, Deep"]
[Result "1-0"]
[WhiteTitle "IM"]
[BlackTitle "GM"]
[WhiteElo "2389"]
[BlackElo "2529"]
[WhiteFideId "5005507"]
[BlackFideId "5008352"]
[EventDate "2014.03.18"]

1. e4 c5 2. Nf3 d6 3. d4 cxd4 4. Nxd4 Nf6 5. Nc3 a6 6. a4 e6 7. Be2 Be7 8. O-O
O-O 9. f4 Qc7 10. g4 Nc6 11. Nb3 Re8 12. g5 Nd7 13. Be3 b6 14. Rf3 Bf8 15. Rh3
g6 16. Qe1 Bg7 17. Qh4 Nf8 18. Rf1 Nb4 19. Bd1 a5 20. Qf2 Rb8 21. Nb5 Qd8 22.
Qd2 Ba6 23. Rhf3 Qd7 24. c3 Nc6 25. Qxd6 Qxd6 26. Nxd6 Bxf1 27. Nxe8 Bd3 28. Nd6
Rd8 29. e5 Bxe5 30. Nxf7 Kxf7 31. Bxb6 Rd5 32. fxe5+ Bf5 33. Rxf5+ gxf5 34. Bf3
Rxe5 35. Bxc6 Re1+ 36. Kg2 Rb1 37. Nxa5 Rxb2+ 38. Bf2 Rc2 39. Nb7 Ng6 40. a5 Ne5
41. Ba4 Ra2 42. Bb3 Rb2 43. Nd6+ Ke7 44. Nc4 Rxb3 45. Nxe5 Kd6 46. Bd4 Rb2+ 47.
Kg3 Ra2 48. h4 Kd5 49. Kf4 Rh2 50. c4+ Kd6 51. Nf3 Rc2 52. Ne5 Re2 53. Be3 Ra2
54. Bb6 Ra1 55. h5 Rf1+ 56. Nf3 e5+ 57. Ke3 Rc1 58. c5+ Kd5 59. a6 f4+ 60. Kd2
Ra1 61. a7 e4 62. g6 hxg6 63. hxg6 e3+ 64. Kc2 Ke4 65. g7 1-0

[Event "19th Kolkata GM Open 2014"]
[Site "Kolkata IND"]
[Date "2014.03.21"]
[Round "4.12"]
[White "Akshat, Khamparia"]
[Black "Debashis, Das"]
[Result "0-1"]
[WhiteTitle "IM"]
[BlackTitle "GM"]
[WhiteElo "2380"]
[BlackElo "2508"]
[WhiteFideId "5016541"]
[BlackFideId "5024854"]
[EventDate "2014.03.18"]

1. d4 Nf6 2. c4 e6 3. Nc3 Bb4 4. Nf3 d5 5. g3 dxc4 6. Bg2 Nc6 7. O-O O-O 8. a3
Be7 9. e4 Na5 10. Be3 a6 11. Qc2 c6 12. Rad1 b5 13. d5 exd5 14. exd5 Nxd5 15.
Nxd5 cxd5 16. Ng5 Bxg5 17. Rxd5 Qc7 18. Rc5 Qe7 19. Rxg5 Bb7 20. Rh5 g6 21. Bc5
Qe6 22. Bxb7 Nxb7 23. Bxf8 gxh5 24. Bb4 Qg6 25. Qe2 Nd6 26. Qe5 Nf5 27. Bc3 Ng7
28. Re1 h6 29. Re4 Kh7 30. Rf4 Re8 31. Qc7 Kg8 32. h4 f5 33. Rd4 Ne6 34. Qc6 f4
35. Rd7 Qf5 36. Qb7 Qg6 37. Qxa6 Qb1+ 38. Kh2 fxg3+ 39. fxg3 Nd4 40. Rg7+ Kxg7
41. Bxd4+ Kg8 42. Qf6 Re2+ 43. Bf2 Qxb2 44. Qd8+ Kh7 0-1

[Event "19th Kolkata GM Open 2014"]
[Site "Kolkata IND"]
[Date "2014.03.21"]
[Round "4.13"]
[White "Shyam, Sundar M."]
[Black "Palit, Somak"]
[Result "1/2-1/2"]
[WhiteTitle "GM"]
[BlackTitle "IM"]
[WhiteElo "2507"]
[BlackElo "2421"]
[WhiteFideId "5019141"]
[BlackFideId "5010454"]
[EventDate "2014.03.18"]

1. e4 d6 2. d4 Nf6 3. Nc3 e5 4. dxe5 dxe5 5. Qxd8+ Kxd8 6. Bg5 Be6 7. O-O-O+ Nd7
8. f4 exf4 9. Nf3 Kc8 10. Bxf4 Nh5 11. Be3 Bd6 12. Ng5 Bf4 13. Bxf4 Nxf4 14. g3
Ng6 15. Nxe6 fxe6 16. Bh3 Re8 17. Rhf1 Nge5 18. Nb5 a5 19. a4 Ra6 20. b3 Kd8 21.
Kb2 Rc6 22. Na7 Rb6 23. Nb5 Rc6 24. Na7 Rb6 25. Nb5 Rc6 1/2-1/2

[Event "19th Kolkata GM Open 2014"]
[Site "Kolkata IND"]
[Date "2014.03.21"]
[Round "4.14"]
[White "Karthik, V.   AP"]
[Black "Arun Prasad, S."]
[Result "0-1"]
[BlackTitle "GM"]
[WhiteElo "2221"]
[BlackElo "2477"]
[WhiteFideId "25006479"]
[BlackFideId "5011167"]
[EventDate "2014.03.18"]

1. e4 c6 2. d4 d5 3. e5 Bf5 4. Nf3 e6 5. Be2 Nd7 6. O-O h5 7. a4 Be7 8. b3 Nh6
9. Ba3 g5 10. Bxe7 Qxe7 11. c4 g4 12. Ne1 f6 13. exf6 Qxf6 14. g3 dxc4 15. Na3
cxb3 16. Qxb3 Rb8 17. Ng2 Nf7 18. f3 Qxd4+ 19. Kh1 Nc5 20. Qa2 gxf3 21. Bxf3 Ng5
22. Rad1 Qg7 23. Qc4 Nd7 24. Qf4 Nxf3 25. Rxf3 O-O 26. Qd4 Qxd4 27. Rxd4 Be4 28.
Rxf8+ Rxf8 29. Kg1 Bd5 0-1

[Event "19th Kolkata GM Open 2014"]
[Site "Kolkata IND"]
[Date "2014.03.21"]
[Round "4.15"]
[White "Laxman, R.R."]
[Black "Krishna, C.R.G."]
[Result "1-0"]
[WhiteTitle "GM"]
[WhiteElo "2454"]
[BlackElo "2317"]
[WhiteFideId "5005361"]
[BlackFideId "5018625"]
[EventDate "2014.03.18"]

1. d4 d5 2. c4 c6 3. Nf3 Nf6 4. e3 Bf5 5. Nc3 a6 6. Bd3 Bxd3 7. Qxd3 e6 8. O-O
Bb4 9. Rd1 Nbd7 10. Bd2 Bxc3 11. Bxc3 O-O 12. Nd2 Qc7 13. e4 Qf4 14. cxd5 exd5
15. e5 Ng4 16. Nf3 f6 17. e6 Nb6 18. h3 Nh6 19. Bd2 Qd6 20. Qb3 Nc4 21. Bb4 Qc7
22. Bxf8 Rxf8 23. Nd2 Nd6 24. Re1 Nhf5 25. Qd3 g6 26. Nb3 Re8 27. Nc5 Nb5 28.
Nb3 Qf4 29. Rad1 Re7 30. a4 Nc7 31. Nc5 Nd6 32. Qa3 Nc4 33. Qb4 b6 34. Nd3 Qd6
35. Qxd6 Nxd6 36. Rc1 Nc4 37. b3 Na5 38. Nb4 Nxb3 39. Rxc6 a5 40. Rxc7 1-0

[Event "19th Kolkata GM Open 2014"]
[Site "Kolkata IND"]
[Date "2014.03.22"]
[Round "5.1"]
[White "Deepan, Chakkravarthy J."]
[Black "Kunte, Abhijit"]
[Result "1/2-1/2"]
[WhiteTitle "GM"]
[BlackTitle "GM"]
[WhiteElo "2496"]
[BlackElo "2439"]
[WhiteFideId "5011132"]
[BlackFideId "5002265"]
[EventDate "2014.03.18"]

1. c4 c5 2. Nc3 g6 3. g3 Bg7 4. Bg2 Nc6 5. Nf3 d6 6. O-O Nf6 7. d4 cxd4 8. Nxd4
Bd7 9. Nxc6 Bxc6 10. e4 O-O 11. Rb1 Nd7 12. Bd2 a6 13. Qe2 b5 14. cxb5 axb5 15.
a3 Rb8 16. Rfc1 Nc5 17. b4 Ne6 18. Nd5 Nd4 19. Qd3 e5 20. Be3 Bxd5 21. exd5 Re8
22. Rc6 Qe7 23. Bxd4 exd4 24. Bf3 h5 25. h4 Ra8 26. Kg2 Reb8 27. Rb2 Be5 28. Bd1 1/2-1/2

[Event "19th Kolkata GM Open 2014"]
[Site "Kolkata IND"]
[Date "2014.03.22"]
[Round "5.2"]
[White "Adhiban, Baskaran"]
[Black "Vidit, Santosh Gujrathi"]
[Result "1/2-1/2"]
[WhiteTitle "GM"]
[BlackTitle "GM"]
[WhiteElo "2608"]
[BlackElo "2602"]
[WhiteFideId "5018471"]
[BlackFideId "5029465"]
[EventDate "2014.03.18"]

1. d4 Nf6 2. c4 e6 3. Nc3 Bb4 4. Qc2 O-O 5. a3 Bxc3+ 6. Qxc3 Qe8 7. f3 d5 8. Bg5
Nbd7 9. Nh3 b6 10. cxd5 Nxd5 11. Qc6 Ba6 12. e4 Bxf1 13. Rxf1 Ne7 14. Qxc7 f5
15. Qd6 Ng6 16. O-O-O fxe4 17. fxe4 Rxf1 18. Rxf1 h6 19. Be3 Nf6 20. Nf2 Rd8 21.
Qb4 Nh4 22. Rg1 Qg6 23. Qe7 Rc8+ 24. Kb1 Nxe4 25. Ka1 Nf5 26. Qd7 Rc2 27. Nxe4
Nxe3 28. Nd6 Rf2 29. Qxa7 Rxb2 30. Kxb2 Qc2+ 31. Ka1 Qc3+ 32. Ka2 Qc2+ 33. Ka1
Qc3+ 34. Ka2 1/2-1/2

[Event "19th Kolkata GM Open 2014"]
[Site "Kolkata IND"]
[Date "2014.03.22"]
[Round "5.3"]
[White "Arun Prasad, S."]
[Black "Pantsulaia, Levan"]
[Result "0-1"]
[WhiteTitle "GM"]
[BlackTitle "GM"]
[WhiteElo "2477"]
[BlackElo "2606"]
[WhiteFideId "5011167"]
[BlackFideId "13602071"]
[EventDate "2014.03.18"]

1. d4 Nf6 2. c4 c5 3. d5 e6 4. Nc3 exd5 5. cxd5 d6 6. Nf3 g6 7. Nd2 a6 8. a4
Nbd7 9. e4 Bg7 10. Be2 O-O 11. O-O Re8 12. Re1 h5 13. h3 Rb8 14. a5 Qe7 15. Ra3
Ne5 16. f4 Ned7 17. Bf1 h4 18. Nc4 Nh5 19. e5 dxe5 20. f5 Ng3 21. d6 Qf8 22.
fxg6 fxg6 23. Ne4 Nxe4 24. Rxe4 Nf6 25. Rxe5 Bf5 26. Rxc5 Re6 27. Re3 Ne4 28.
Rd5 Rd8 29. d7 Re7 30. Nb6 Qf6 31. Bc4 Kh7 32. Rf3 Ng3 33. Kh2 Re4 34. Bd3 Rd4
35. Qb3 Qe7 36. Re3 Qf7 37. Rf3 Rxd7 38. Rxd7 Qxb3 39. Rxd4 Bxd4 0-1

[Event "19th Kolkata GM Open 2014"]
[Site "Kolkata IND"]
[Date "2014.03.22"]
[Round "5.4"]
[White "Barbosa, Oliver"]
[Black "Laxman, R.R."]
[Result "1-0"]
[WhiteTitle "GM"]
[BlackTitle "GM"]
[WhiteElo "2564"]
[BlackElo "2454"]
[WhiteFideId "5201640"]
[BlackFideId "5005361"]
[EventDate "2014.03.18"]

1. Nf3 Nf6 2. c4 e6 3. g3 d5 4. Bg2 a6 5. d4 Nc6 6. O-O dxc4 7. Nc3 Rb8 8. e4
Be7 9. Qe2 Nxd4 10. Nxd4 Qxd4 11. Rd1 Qc5 12. e5 Nd7 13. Ne4 Qa5 14. Bd2 Qb6 15.
Qg4 Kf8 16. Bg5 Bxg5 17. Qxg5 c6 18. Qf4 Qc7 1-0

[Event "19th Kolkata GM Open 2014"]
[Site "Kolkata IND"]
[Date "2014.03.22"]
[Round "5.5"]
[White "Abdulla, Al-Rakib"]
[Black "Ghosh, Diptayan"]
[Result "1-0"]
[WhiteTitle "GM"]
[BlackTitle "IM"]
[WhiteElo "2518"]
[BlackElo "2481"]
[WhiteFideId "10200444"]
[BlackFideId "5045207"]
[EventDate "2014.03.18"]

1. d4 d5 2. Bf4 Nf6 3. e3 c5 4. c3 Nc6 5. Nd2 e6 6. Ngf3 Bd6 7. Bg3 Bxg3 8. hxg3
Qd6 9. Bb5 Bd7 10. Bxc6 Bxc6 11. Ne5 Nd7 12. Nxd7 Bxd7 13. Nf3 h6 14. Ne5 cxd4
15. exd4 Qe7 16. Qg4 Qf6 17. Rh4 g5 18. Rh3 O-O-O 19. Qe2 Qg7 20. g4 f6 21. Nxd7
Qxd7 22. O-O-O Rh7 23. Re1 Re8 24. Re3 Rhe7 25. Qf3 Rf8 26. Qh3 Rh8 27. Qh2 b6
28. a3 a5 29. Kb1 Kb7 30. Ka1 Ka6 31. Qh5 Qe8 32. Qh3 e5 33. Qf3 e4 34. Qxf6 Rf8
35. Qd6 Rd7 36. Qg3 Rdf7 37. f3 Qb5 38. fxe4 Rf2 39. Rb1 dxe4 40. Rxe4 Rd2 41.
Qc7 Qb3 42. Ree1 Rff2 43. Qc8+ Kb5 44. Qd7+ Ka6 45. Qc8+ Kb5 46. c4+ Ka4 47.
Qc6+ b5 48. Qxb5+ Qxb5 49. cxb5 Kxb5 50. Re5+ Ka4 51. Ka2 Rd3 52. Ka1 Rdd2 53.
d5 Rxg2 54. d6 Rxd6 55. Rc1 Rb6 56. Rc4+ Kb3 57. Rc3+ Ka4 58. Rc4+ Kb3 59. Rc3+
Ka4 60. Rcc5 Kb3 61. Re3+ Ka4 62. Re4+ 1-0

[Event "19th Kolkata GM Open 2014"]
[Site "Kolkata IND"]
[Date "2014.03.22"]
[Round "5.6"]
[White "Debashis, Das"]
[Black "Haznedaroglu, Kivanc"]
[Result "1/2-1/2"]
[WhiteTitle "GM"]
[BlackTitle "GM"]
[WhiteElo "2508"]
[BlackElo "2462"]
[WhiteFideId "5024854"]
[BlackFideId "6300634"]
[EventDate "2014.03.18"]

1. e4 e5 2. Nf3 Nc6 3. Bc4 Be7 4. O-O Nf6 5. d3 O-O 6. Re1 d6 7. a4 Na5 8. Ba2
c5 9. Bd2 Bd7 10. Nc3 Nc6 11. h3 a6 12. Ne2 Be6 13. Ng3 Bxa2 14. Rxa2 Re8 15.
Ra1 g6 16. c3 Bf8 17. Qb3 Qc7 18. Rac1 Na5 19. Qa2 c4 20. Bg5 Nd7 21. Rcd1 cxd3
22. Rxd3 Qc4 23. Qxc4 Nxc4 24. Bc1 Nc5 25. Rdd1 Nb3 26. Be3 Rac8 27. Nf1 f6 28.
Re2 Kf7 29. Ne1 Red8 30. f3 Ke6 31. Rd5 Nc5 32. Bxc5 dxc5 33. b3 Na5 34. c4 Nxb3
35. Rb2 Na5 36. Rb6+ Rd6 37. Rdxd6+ Bxd6 38. Ne3 Rc6 39. Rb1 Bf8 40. Nd3 b6 41.
Nb2 Nb7 42. Kf2 Nd6 43. Nd5 Be7 44. Ke2 Bd8 45. Kd3 Rc8 46. Nd1 Rb8 47. N1c3 Rb7
48. Rb2 Kd7 49. Rb1 Kc6 50. Rb2 Rg7 51. Rb1 f5 52. Re1 f4 53. Ra1 h5 54. Rb1 g5
55. Rh1 Rb7 56. Ra1 Ne8 57. Nd1 Ng7 58. Nf2 Ne6 59. Kc3 Nd4 60. Nd3 Kd6 61. Nf2
Rg7 62. Rb1 Rb7 63. Ra1 Nc6 64. Rd1 Nd4 65. Ra1 Nc6 1/2-1/2

[Event "19th Kolkata GM Open 2014"]
[Site "Kolkata IND"]
[Date "2014.03.22"]
[Round "5.7"]
[White "Rahman, Ziaur"]
[Black "Rathnakaran, K."]
[Result "1-0"]
[WhiteTitle "GM"]
[BlackTitle "IM"]
[WhiteElo "2486"]
[BlackElo "2389"]
[WhiteFideId "10200037"]
[BlackFideId "5005507"]
[EventDate "2014.03.18"]

1. d4 Nf6 2. Bg5 e6 3. Nd2 d5 4. e3 Be7 5. Bd3 O-O 6. Ngf3 c5 7. c3 Nc6 8. Qe2
Qc7 9. dxc5 e5 10. Bxf6 Bxf6 11. e4 d4 12. cxd4 Nxd4 13. Nxd4 exd4 14. Rc1 Re8
15. O-O Be5 16. Kh1 Bd7 17. g3 g6 18. f4 Bg7 19. Kg1 Re7 20. b4 a6 21. Nc4 Rd8
22. Nd6 Bh3 23. Rfe1 Rxd6 24. cxd6 Qxd6 25. a3 h5 26. e5 Qd7 27. Qf2 Bf8 28. Rc4
Qa4 29. Ra1 Rd7 30. Qc2 Qb5 31. Re1 Qd5 32. Re4 Be7 33. Rcxd4 Qxd4+ 34. Rxd4
Rxd4 35. Qc3 Rd7 36. Kf2 Bd8 37. Ke1 Be6 38. Bc4 Bg4 39. Bb3 Bb6 40. e6 Bxe6 41.
Bxe6 Re7 42. Kf1 Rxe6 43. Qc8+ Kg7 44. Qxb7 Be3 45. h4 Bd4 46. Qd5 Bc3 47. Qd3
Bf6 48. Kg2 Rc6 49. Kh3 Be7 50. Qd5 Rc3 51. Qb7 Bd6 52. Qb6 Be7 53. Qxa6 Bf6 54.
a4 Ra3 55. a5 Bc3 56. Qd3 Kg8 57. a6 1-0

[Event "19th Kolkata GM Open 2014"]
[Site "Kolkata IND"]
[Date "2014.03.22"]
[Round "5.8"]
[White "Landa, Konstantin"]
[Black "Abhishek, Kelkar"]
[Result "1-0"]
[WhiteTitle "GM"]
[WhiteElo "2645"]
[BlackElo "2286"]
[WhiteFideId "4101685"]
[BlackFideId "5019257"]
[EventDate "2014.03.18"]

1. d4 Nf6 2. c4 g6 3. Nc3 Bg7 4. e4 d6 5. Nf3 O-O 6. Be2 Bg4 7. O-O Nfd7 8. Be3
Nc6 9. Ne1 Bxe2 10. Nxe2 Na5 11. b3 c5 12. Rc1 cxd4 13. Bxd4 Nc6 14. Bxg7 Kxg7
15. Nc3 Nf6 16. Nc2 a6 17. Ne3 Qa5 18. Ned5 Rad8 19. Qd2 Nd7 20. Qb2 Nde5 21.
Rcd1 Qc5 22. Kh1 Kg8 23. f4 Nd7 24. e5 dxe5 25. Ne4 Qa7 26. Nxe7+ Nxe7 27. Rxd7
Nc6 28. fxe5 Nd4 29. Nf6+ Kh8 30. Qf2 1-0

[Event "19th Kolkata GM Open 2014"]
[Site "Kolkata IND"]
[Date "2014.03.22"]
[Round "5.9"]
[White "Narayanan, Srinath"]
[Black "Mchedlishvili, Mikheil"]
[Result "1/2-1/2"]
[WhiteTitle "IM"]
[BlackTitle "GM"]
[WhiteElo "2436"]
[BlackElo "2639"]
[WhiteFideId "5018420"]
[BlackFideId "13600966"]
[EventDate "2014.03.18"]

1. e4 c5 2. Nf3 d6 3. d4 cxd4 4. Nxd4 Nf6 5. Nc3 Nc6 6. Bg5 e6 7. Qd2 Be7 8.
O-O-O Nxd4 9. Qxd4 a6 10. h4 Qa5 11. Kb1 O-O 12. f3 b5 13. Qd2 b4 14. Ne2 e5 15.
c4 Be6 16. Ng3 Rfd8 17. Bd3 Qc7 18. Nf5 Bxf5 19. exf5 d5 20. Bxf6 Bxf6 21. cxd5
Rxd5 22. Qe2 Rad8 23. g4 h6 24. Bxa6 Rxd1+ 25. Rxd1 Bxh4 1/2-1/2

[Event "19th Kolkata GM Open 2014"]
[Site "Kolkata IND"]
[Date "2014.03.22"]
[Round "5.10"]
[White "Lalith, Babu M.R."]
[Black "Swapnil, S. Dhopade"]
[Result "1/2-1/2"]
[WhiteTitle "GM"]
[BlackTitle "IM"]
[WhiteElo "2585"]
[BlackElo "2424"]
[WhiteFideId "5024595"]
[BlackFideId "5019184"]
[EventDate "2014.03.18"]

1. Nf3 Nf6 2. c4 c5 3. Nc3 Nc6 4. g3 g6 5. d4 cxd4 6. Nxd4 Bg7 7. Bg2 O-O 8. O-O
Qa5 9. Nb3 Qh5 10. h3 d6 11. g4 Bxg4 12. hxg4 Nxg4 13. Bf4 Be5 14. Qd2 g5 15.
Bxe5 Ncxe5 16. Rfc1 Nxc4 17. Qd3 Nce3 18. fxe3 Qh4 19. Nd1 Qe1+ 20. Bf1 Qg3+ 21.
Bg2 Qe1+ 22. Bf1 Qg3+ 23. Bg2 Qe1+ 24. Bf1 Qg3+ 1/2-1/2